000 00926nam a2200253 a 4500
001 50225
003 BD-RjUL
005 20211209075458.0
008 160824r20001976b ||||| |||| 00| 0 eng d
020 _a9788175224087(V.33)
020 _a9788175220218(set).
035 _a(BD-RjUL)
040 _aBD-RjUL
_bben
_cBD-RjUL
041 _aben
082 _223
_a781.1
_bTAK 2000
100 1 _aঠাকুর, রবীন্দ্রনাথ
_9150539
245 1 0 _aকাব্যগীতি /
_cরবীন্দ্রনাথ ঠাকুর
260 _aকলকাতা :
_bবিশ্বভারতী গ্রন্থবিভগ,
_c২০০০
300 _a৮০ পৃ ;
_c২৭সেমি.
490 _aস্বরবিতান ৩৩ সিরিজ
650 _aসঙ্গীতের মূলনীতি
_9150489
650 _aBasic Principles of Music
_9150469
942 _2ddc
_cBK
999 _c50225
_d50225